| 000 | 00000nas##2200000za#4500 |
| 001 | 9.504432 |
| 003 | CaOODSP |
| 005 | 20200813121811 |
| 007 | cr ||||||||||| |
| 008 | 150406c1999||||xxc|| m o||||f| |0eng|d |
| 022 | |a1706-8967 |
| 040 | |aCaOODSP|beng |
| 043 | |an-cn--- |
| 086 | 1 |aCS88-0006E-pdf |
| 245 | 00|aWorking papers - Science, Innovation and Electronic Information Division |h[electronic resource] |
| 260 | |aOttawa - Ontario : |bStatistics Canada |c[1997]--2008. |
| 310 | |aIrregular |
| 362 | 1 |a[No. 97-003]--No. 3, December 2008 |
| 500 | |aContinued by: Business Special Surveys and Technology Statistics Division working papers (1921-300X). |
| 520 | 3 |aStatistics Canada is engaged in the "Information System for Science and Technology Project" to develop useful indicators of activity and a framework to tie them together into a coherent picture of science and technology (S&T) in Canada. The working papers series is used to publish results of the different initiatives conducted within this project. The data are related to the activities, linkages and outcomes of S&T. Several key areas are covered such as: innovation, technology diffusion, human resources in S&T and interrelations between different actors involved in S&T. Also presents data tabulations taken from regular surveys on research and development (R&D) and S&T and made possible by the project. |
| 710 | 2 |aStatistics Canada. |
| 775 | 08|tDocuments de travail - Division des sciences, de l'innovation et de l'information électronique |w(CaOODSP)9.500853 |
| 785 | 00|tWorking papers, Science, Innovation and Electronic Information Division / |w(CaOODSP)9.500119 |